000
00323nam a2200133Ia 4500
008
100328s9999 xx 000 0 und d
082
_b
48125
100
_a
भागवत दुर्गा
245
_a
कदंब
260
_b
अथेना
630
_a
कदंब
730
_a
कदंब
942
_c
BOOK
999
_c
535800
_d
535797